000 00432nam a2200181Ia 4500
001 16357
005 20260306170303.0
008 260306t2006||||xx |||||||||||||| ||und||
041 _aESP
082 _a348.54
_bC28
100 _aCarruitero Lecca, Francisco
_eAUT
245 0 _aDerecho del medio ambiente
260 _c2006
300 _a464 páginas :
_c20 cm.
650 _aGEN
654 _aCDE
942 _cLIB
_dJUS
_fJUS
_2ddc
_n
999 _c16357
_d16357